00624nam a2200217 a 45000010005000000030009000050050017000140080041000310200015000720400028000870820016001151000023001312450084001542500012002382600031002503000045002814900019003266500016003457000021003617000024003824390BD-DhUAP20201220163218.0201220s1996 nyua 001 0 eng d a0471111031 aDLCcDLCdBD-DhUAPbeng00a657 WEY2231 aWeygandt, Jerry J.00aAccounting principles /cJerry J. Weygandt, Donald E. Kieso and Walter G. Kell. a4th ed. aNew York :bWiley,cc1996. avarious pages :billustrations ;c28 cm. aStudy guide 1. 0aAccounting.1 aKieso, Donald E.1 aKell, Walter Gerry,